000 00660nam a2200229Ia 4500
001 15461
003 GE_BSU
008 181216s||||||||xx |||||||||||||| ||und||
040 _cGE_BSU
080 _a821.353.1-31
100 _aჩხეიძე,ოთარ
245 _aმთაგრეხილი
245 _bრომანი
245 _cრედ.ლ.თურმანიძე. მხატვ. ა.თევზაძე
260 _aთბილისი
260 _bმერანი
260 _c1988
300 _a320გვ.20სმ.
653 _aმთაგრეხილი
653 _aრომანი
942 _cBK
999 _c48564
_d48564